Vista normal
Vista MARC
Entrada Personal Name
Número de registros utilizados en: 1
001 - CONTROL NUMBER
- control field: 17965
003 - CONTROL NUMBER IDENTIFIER
- control field: DLC
005 - DATE AND TIME OF LATEST TRANSACTION
- control field: 20260325115340.0
008 - FIXED-LENGTH DATA ELEMENTS
- fixed length control field: 980130n| azannaabn n aaa c
010 ## - LIBRARY OF CONGRESS CONTROL NUMBER
- LC control number: no 98054207
035 ## - SYSTEM CONTROL NUMBER
- System control number: (OCoLC)oca04640758
040 ## - CATALOGING SOURCE
- Original cataloging agency: NN
- Language of cataloging: spa
- Description conventions: rda
- Transcribing agency: Mx-PuUPA
- Modifying agency: UPB
- Modifying agency: Mx-PuUPA
100 1# - HEADING--PERSONAL NAME
- Personal name: Janda, Michael,
372 ## - FIELD OF ACTIVITY
- Field of activity: Arte
- Field of activity: Diseño
- Source of term: lcsh
373 ## - ASSOCIATED GROUP
- Associated group: Riser (Agencia)
- Start period: 2002
374 ## - OCCUPATION
- Occupation: Artista
- Occupation: Diseñador
- Occupation: Autor
- Source of term: lcsh
375 ## - GENDER
- Gender: hombre
377 ## - ASSOCIATED LANGUAGE
- Language code: eng
670 ## - SOURCE DATA FOUND
- Source citation: Über "Stock und Stein", c1997:
- Information found: t.p. (Michael Janda)
670 ## - SOURCE DATA FOUND
- Source citation: Burn your portfolio, 2013:
- Information found: title page (Michael Janda) back cover (Michael Janda has served as production artist, designer, freelancer and creative director; since 2002 he has owned and operated his own agency: Riser, which boasts clients NBC, ABC, Fox, Google, National Geographic, Warner Bros., and Disney)
670 ## - SOURCE DATA FOUND
- Source citation: mpl -- rda 670/2